Energy from wave runup : an engineering paper prepared as a requirement of OE 685 /

Bibliographic Details
Main Author: Kale, Anil Gajanan
Format: Manuscript
Language:English
Published: [Place of publication not identified] : [publisher not identified] ; 1985.
Subjects:

MARC

Tag First Indicator Second Indicator Subfields
LEADER 00000ctm a2200000Ia 4500
001 in00002007396
005 20151031141629.0
008 041019s1985 xx af b 000 0 eng d
035 |a (OCoLC)ocm56768002 
040 |a TXA  |c TXA  |d UtOrBLW 
049 |a TXAM 
090 |a TJ163.2  |b .K35 1985 
100 1 |a Kale, Anil Gajanan. 
245 1 0 |a Energy from wave runup :  |b an engineering paper prepared as a requirement of OE 685 /  |c by Anil Gajanan Kale. 
264 1 |a [Place of publication not identified] :  |b [publisher not identified] ;  |c 1985. 
300 |a ii, 21 pages, 17 unnumbered leaves, 6 leaves of plates :  |b illustrations ;  |c 28 cm. 
336 |a text  |b txt  |2 rdacontent 
337 |a unmediated  |b n  |2 rdamedia 
338 |a volume  |b nc  |2 rdacarrier 
500 |a Typescript (photocopy). 
504 |a Includes bibliographical references (leaves 20-21). 
650 0 |a Ocean energy resources. 
650 0 |a Ocean waves. 
910 |a ccs3107 
947 |a A14830985716 
994 |a 02  |b TXA 
999 |a MARS 
999 f f |s 69b90474-bb86-32d3-88af-a981d1aa4046  |i d3159c78-5804-3719-ad1e-90693ad5ad83  |t 0 
952 f f |p ric  |a Texas A&M University  |b Rellis Campus  |c Joint Library Facility  |d Remote Storage  |t 0  |e TJ163.2 .K35 1985  |h Library of Congress classification  |i unmediated -- volume  |m A14830985716 
998 f f |a TJ163.2 .K35 1985  |t 0  |l Remote Storage